Movie Subtitles 3 - Statistics

General Stats
  • This quiz has been taken 9 times
  • The average score is 14 of 40
Answer Stats
Picture Answer % Correct
Men In Black: International
57%
National Treasure: Book Of Secrets
57%
X-Men: Days Of Future Past
57%
Captain America: The Winter Soldier
43%
Joseph: King Of Dreams
43%
Jurassic World: Fallen Kingdom
43%
Legally Blonde 2: Red, White & Blonde
43%
Madagascar 3: Europe's Most Wanted
43%
Star Wars: The Rise Of Skywalker
43%
The Chronicles Of Narnia: Prince Caspian
43%
The Fantastic 4: First Steps
43%
Thor: The Dark World
43%
Transformers: Dark Of The Moon
43%
Venom: The Last Dance
43%
Weird: The Al Yankovic Story
43%
Winnie-The-Pooh: Blood And Honey
43%
47 Meters Down: Uncaged
29%
Alien: Covenant
29%
Avatar: The Way Of Water
29%
Bad Boys: Ride Or Die
29%
Bridget Jones: The Edge Of Reason
29%
Den Of Thieves 2: Pantera
29%
Fantastic Beasts: The Crimes Of Grindelwald
29%
G.I. Joe: Retaliation
29%
Goosebumps 2: Haunted Halloween
29%
Hellboy II: The Golden Army
29%
Ice Age: Continental Drift
29%
Independence Day: Resurgence
29%
Jack Reacher: Never Go Back
29%
Jumanji: The Next Level
29%
Kingsman: The Golden Circle
29%
Miss Congeniality 2: Armed And Fabulous
29%
Pirates Of The Caribbean: At World's End
29%
Popstar: Never Stop Never Stopping
29%
Rebel Moon - Part One: A Child Of Fire
29%
Solo: A Star Wars Story
29%
The Divergent Series: Insurgent
29%
The Hunger Games: The Ballad Of Songbirds & Snakes
29%
The Lion King II: Simba's Pride
29%
The Nut Job 2: Nutty By Nature
29%
No matching quizzes found
Score Distribution
Percent of People with Each Score
Percentile by Number Answered
Your Score History
You have not taken this quiz